000 00672nam a2200205 a 4500
001 000035625
005 20200930074501.0
008 111107s1991 sp a 000 0 spa d
020 _a847356068X
040 _aDO-SdBNP
_bspa
_cBNPHU
082 _axxxx
_bM289c
100 1 _aManso Corononado, Frnacisco J.
_961532
245 1 0 _aCurso de dirección estratégica comercial. /
_cFrnacisco J. Manso Corononado; prólogo Luis Valls Taberner.
260 _aMadrid :
_bESIC-Editorial,
_c1991.
300 _a376 p. ;
_c25 cm.
490 1 _aUniversidad
_v4
504 _aBibliografía : p.369-376
700 1 _aValls Taberner, Luis,
_etr.
_961533
830 0 _aUniversidad
_v4
_949597
999 _c35116
_d35116